000 00854nam a22001577a 4500
005 20260701101303.0
020 _a9780771019357
082 _a305.897ROB
100 _aDavid A. Robertson
245 _a52 Ways to Reconcile
_bHow to Walk with Indigenous Peoples on the Path to Healing
260 _aToronto
_bPenguin Random House
_c2025
300 _a272p.
_b24 cm
520 _a52 Ways to Reconcile is an accessible, friendly guide for non-Indigenous people eager to learn, or Indigenous people eager to do more in our collective effort towards reconciliation, as people, and as a country. As much as non-Indigenous people want to walk the path of reconciliation, they often aren’t quite sure what to do, and they’re afraid of making mistakes. This book is the answer and the long overdue guide.
650 _aIndigenous peoples-Canada.
942 _cBK
999 _c11537
_d11537